000 00442nam a2200169Ia 4500
003 GCL
008 140319s9999 xx 000 0 eng d
040 _aGCL /
_cGCL
082 0 4 _a891.7
_bT F
100 1 _aTURGENEV, IVAN
245 1 0 _aFATHERS AND SONS /
_cTURGENEV, IVAN
260 _a[S.N] :
_bFOREIGN LANGUAGES PUBLISHING HOUSE
650 0 4 _aLITERATURE
650 0 4 _aRUSSIA - STORIES
650 0 4 _aRUSSIAN LITERATURE
942 _2ddc
_cBK
999 _c11739
_d11739